000 01938nam0a2200397 4500
001 RU\NLR\BIBL_A\012701107
005 20220411123613.0
010 _a978-5-04-155215-2
_91000
021 _aRU
_bКН-П-21-072656
_9КН-П-21-5764
035 _a(NLR Aleph) 012701107
035 _a(RuMoRGB)010845431
090 _a12878651
_c12878651
100 _a20220203d2021 u y0rusy50 ca
101 1 _arus
_cita
102 _aRU
105 _aa z 000zy
181 0 _ai2
_bab2e
181 0 _ab2
_bab2e
182 0 _an
200 1 _aСкрытые миры Данте
_eфилософские заметки на полях "Божественной комедии" Данте Алигьери
_fФранческо Форте
_gперевод с итальянского Геннадия Киселёва
_gперевод терцин из "Божественной комедии" Михаила Лозинского
_gиллюстрации Артёма Плетнёва
203 _aТекст
_aИзображение
_bвизуальные
_cнепосредственные
210 _aМосква
_cЭксмо
_d2021
215 _a390, [1] с.
_cцв. ил., портр.
_d27
333 _a16+
500 1 0 _6z20702
_aБожественная комедия
_3RU\NLR\AUTH\5510305
604 _1700#1$aДанте Алигьери$f1265 - 1321
_1500##$a"Божественная комедия"$2nlr_sh2$3RU\NLR\AUTH\661404417
686 1 _aШ5(4Ит)42-4Данте535
700 1 _aФорте
_bФ.
_f1971-
_gФранческо
702 1 _6z20500
_aДанте Алигьери
_f1265-1321
_3RU\NLR\AUTH\7712289
702 1 _aПлетнёв
_bА.
_gАртём
_4040
702 1 _aЛозинский
_bМ. Л.
_f1886-1955
_gМихаил Леонидович
_3RU\NLR\AUTH\7766138
_4730
942 _cBOOK
980 _aNB